000 02974cam a22011894i 4500
003 PE-LiUPU
005 20250813185538.0
008 150625s r 000 0 d
020 _a9972885852
035 _a(Sirsi) i9789972885853
040 _aPE-LiUPU
_bspa
_cPE-LiUPU
_erda
049 _aPRUA
082 0 4 _a372.611
_bM49
_221
100 1 _aMeza Borja, Aníbal,
_eautor.
245 1 0 _aTópicos básicos sobre psicología del aprendizaje /
_cAníbal Meza Borja.
264 1 _aLima :
_bEditorial Universitaria,
_c2005.
300 _a95 páginas :
_bilustraciones ;
_c24 centímetros
336 _atext
_2rdacontent
337 _aunmediated
_2rdamedia
338 _avolume
_2rdacarrier
504 _aIncluye bibliografía.
505 0 _aEl aprendizaje y sus formas básicas. -El aprendizaje como proceso. -Aportes significativos a la educación desde la psicología del aprendizaje.
526 _aP202
526 _aP201
526 _aP163
526 _aP162
526 _aP161
526 _aP160
526 _aP148
526 _aP147
526 _aP146
526 _aP145
526 _aP144
526 _aP143
526 _aP142
526 _aP141
526 _aP140
526 _aP139
526 _aP138
526 _aP137
526 _aP136
526 _aP135
526 _aP134
526 _aP133
526 _aP129
526 _aP128
526 _aP127
526 _aP120
526 _aP119
526 _aP118
526 _aP116
526 _aP115
526 _aP114
526 _aP110
526 _aP109
526 _aP108
526 _aP104
526 _aP103
526 _aP102
526 _aP99
526 _aP98
526 _aP97
526 _aP96
526 _aP95
526 _aP93
526 _aP90
526 _aP89
526 _aP88
526 _aP83
526 _aP82
526 _aP62
526 _aP59
526 _aP58
526 _aP57
526 _aP51
526 _aP49
526 _aP48
526 _aP47
526 _aP29
526 _aP24
526 _aP20
526 _aP19
526 _aP17
526 _aP15
526 _aP14
526 _aP12
526 _aP10
526 _aP09
526 _aP08
526 _aP07
526 _aP06
526 _aP05
526 _aP04
526 _aP01
541 _g014-0000458;
650 0 4 _aPsicología del aprendizaje.
_9227
942 _2ddc
_cBOOK
949 _a372.611 M49
_wDEWEY
_c1
_i58981
_d2016-3-23
_e2016-3-17
_lCCODEBUL1
_mBUL
_n3
_p7.00
_r0
_sY
_tBOOK
_u2015-6-25
_xEDUCACION
_PP33
_0COMPRA
_o.STAFF. Colección General
994 _aC0
_bPEPRU
596 _a1
999 _a372.611 M49
_wDEWEY
_c47819
_i58981
_d47819
_e2019-5-16
_f2021-11-8
_g5
_lCCODEBUL1
_mBUL
_n4
_p7.00
_q1
_r0
_sY
_tBOOK
_u2015-6-25
_xEDUCACION
_PP33
_0COMPRA
_o.STAFF. Colección General
980 _81
_gALBERTO SANCHEZ Responsable de Automatización